Legislation and orders relating to the emergency as modified up to the 1st November, 1966; (Record no. 85957)
[ view plain ]
| 000 -LEADER | |
|---|---|
| fixed length control field | 01011cam a2200253 4500 |
| 001 - CONTROL NUMBER | |
| control field | sa 68014677 |
| 003 - CONTROL NUMBER IDENTIFIER | |
| control field | DLC |
| 005 - DATE AND TIME OF LATEST TRANSACTION | |
| control field | 20260227112634.0 |
| 008 - FIXED-LENGTH DATA ELEMENTS--GENERAL INFORMATION | |
| fixed length control field | 700211s1967 ii k 000 0 eng |
| 010 ## - LIBRARY OF CONGRESS CONTROL NUMBER | |
| LC control number | sa 68014677 |
| 025 ## - OVERSEAS ACQUISITION NUMBER | |
| Overseas acquisition number | PL480:I-E-10778 |
| 040 ## - CATALOGING SOURCE | |
| Original cataloging agency | DLC |
| Transcribing agency | DLC |
| Modifying agency | DLC |
| 050 00 - LIBRARY OF CONGRESS CALL NUMBER | |
| Classification number | KNS2650 |
| Item number | .A28 1967 |
| 082 00 - DEWEY DECIMAL CLASSIFICATION NUMBER | |
| Classification number | 340 |
| 110 1# - MAIN ENTRY--CORPORATE NAME | |
| Corporate name or jurisdiction name as entry element | India (Republic). |
| Form subheading | Laws, statutes, etc. |
| 245 10 - TITLE STATEMENT | |
| Title | Legislation and orders relating to the emergency as modified up to the 1st November, 1966; |
| Remainder of title | supplement. |
| 260 ## - PUBLICATION, DISTRIBUTION, ETC. | |
| Place of publication, distribution, etc. | Delhi, |
| Name of publisher, distributor, etc. | Manager of Publications, |
| Date of publication, distribution, etc. | 1967. |
| 300 ## - PHYSICAL DESCRIPTION | |
| Extent | iv, 483 p. |
| Other physical details | forms. |
| Dimensions | 25 cm. |
| 350 ## - PRICE (NR) (BK AM CF MU VM SE) [OBSOLETE] | |
| Price | 10.00 |
| -- | ($3.60) |
| 500 ## - GENERAL NOTE | |
| General note | At head of title: Govt. of India. Ministry of Law. |
| 500 ## - GENERAL NOTE | |
| General note | "Contains all acts of Parliament, rules and orders, etc., relating to the emergency declared on the 26th October, 1962, other than the Defence of India act, 1962, and the rules made under that act ... " |
| 650 #0 - SUBJECT ADDED ENTRY--TOPICAL TERM | |
| Topical term or geographic name entry element | War and emergency legislation |
| Geographic subdivision | India. |
| 710 1# - ADDED ENTRY--CORPORATE NAME | |
| Corporate name or jurisdiction name as entry element | India. |
| Subordinate unit | Ministry of Law. |
No items available.